000 00223 a2200109 4500
020 _a9789804130038
041 _aspa
100 _aSicoben
245 _aBen y sus Amigos Aprendiendo a Compartir
942 _cBK
952 _71
999 _c23906
_d23906